00337nam a2200133Ia 4500008004100000020001900041040001200060082001300072100001800085245004900103250001100152260003200163300000800195200103s9999||||xx |||||||||||||| ||und|| a9780713671780, aIMU-MPC aColumn-4 aStokoe, E. A. 0aReed's Ship Construction for Marine Students aVol. 5 bAdlard Coles Nauticalc2007 a192